Assessing the valuation implications of the eco-labelling of commercial property assets (Record no. 82074)

MARC details
000 -LEADER
fixed length control field 01232cam a22002175a 4500
001 - CONTROL NUMBER
control field L149140
008 - FIXED-LENGTH DATA ELEMENTS--GENERAL INFORMATION
fixed length control field 100115s2009 xxk 000 0 eng d
035 ## - SYSTEM CONTROL NUMBER
System control number (Sirsi) u149140
041 0# - LANGUAGE CODE
Language code of text/sound track or separate title eng
100 1# - MAIN ENTRY--PERSONAL NAME
Personal name McAllister, Pat
245 00 - TITLE STATEMENT
Title Assessing the valuation implications of the eco-labelling of commercial property assets
260 ## - PUBLICATION, DISTRIBUTION, ETC.
Date of publication, distribution, etc. 2009
490 #0 - SERIES STATEMENT
Series statement Journal of Retail and Leisure Property
Volume/sequential designation 8(4) November 2009, 311-322(12)
520 ## - SUMMARY, ETC.
Summary, etc. Evaluates the valuation issues raised by the voluntary and mandatory eco-labelling of commercial property assets. There are difficulties in incorporating the potential price effects of sustainable characteristics into property valuations and the evidence base to estimate price differentials between eco-labelled and non-labelled buildings is lacking but as the market penetration of eco-labels increases, valuers are more likely to be able to obtain evidence of price effects. Notes. References.
590 ## - LOCAL NOTE (RLIN)
Local note KA
651 #4 - SUBJECT ADDED ENTRY--GEOGRAPHIC NAME
Geographic name United Kingdom
690 ## - LOCAL SUBJECT ADDED ENTRY--TOPICAL TERM (OCLC, RLIN)
Topical term or geographic name as entry element PROPERTY-COMMERCIAL PROPERTY
690 ## - LOCAL SUBJECT ADDED ENTRY--TOPICAL TERM (OCLC, RLIN)
Topical term or geographic name as entry element PROPERTY-PROPERTY VALUATION AND APPRAISAL
856 48 - ELECTRONIC LOCATION AND ACCESS
Uniform Resource Identifier <a href="https://www.rics.org/profession-standards/knowledge-and-information-services">https://www.rics.org/profession-standards/knowledge-and-information-services</a>
Public note How to access eJournals
942 ## - ADDED ENTRY ELEMENTS (KOHA)
Suppress in OPAC 0
Source of classification or shelving scheme Dewey Decimal Classification
Holdings
Withdrawn status Lost status Source of classification or shelving scheme Damaged status Not for loan Home library Current library Shelving location Date acquired Total Checkouts Full call number Barcode Date last seen Copy number Price effective from Koha item type
    Dewey Decimal Classification     London London Journals 15/01/2010   L149140 149140-1001 06/08/2019 1 06/08/2019 Journal article